000 01026nmc a2200373 a 4500
003 AR-BaBNM
005 20251128211736.0
008 266020s2001 ||||||||||||||000 | spa||
020 _a84-7588-467-7
040 _cAR-BaBNM
245 1 0 _aHabitantes de Babel. Políticas y poéticas de la diferencia
250 _a1ª ed.
260 _aBarcelona
_bLaertes
_c2001
300 0 _a487 p.
490 0 _aPsicopedagogía
500 0 _aContiene índice de autores
650 4 _aMULTICULTURALISMO
650 4 _aDESIGUALDAD CULTURAL
650 4 _aANTROPOLOGIA CULTURAL Y SOCIAL
650 4 _aSOCIOLOGIA CULTURAL
650 4 _aMIGRACION DE PERSONAS
650 4 _aCIENCIAS SOCIALES
650 4 _aHISTORIA
650 4 _aLINGUISTICA
650 4 _aESTUDIOS CULTURALES
650 4 _aIDENTIDAD CULTURAL
653 0 _aGLOBALIZACION
700 1 _aLarrosa, Jorge
_eeditor
700 1 _aSkliar, Carlos
_eeditor
800 1 _aRodríguez, María Luisa
800 1 _aLarrosa, Jorge
942 _cBK
998 _cmartin
999 _c20911
_d20911